[Event "Sunnyvale 1000GM Bona op 09"]
[Site "Sunnyvale"]
[Date "2023.09.17"]
[Round "2"]
[White "Ganesan, Vikrant"]
[Black "Hevia Alejano, Carlos Antonio"]
[Result "1/2-1/2"]
[WhiteElo "1864"]
[BlackElo "2417"]
[PlyCount "30"]
[EventDate "2023.09.15"]
[EventType "swiss"]
[EventRounds "5"]
[EventCountry "USA"]
[SourceTitle "EXT 2024"]
[Source "ChessBase"]
[SourceDate "2023.10.10"]
[SourceVersion "1"]
[SourceVersionDate "2023.10.10"]
[SourceQuality "1"]

1. c4 g6 2. Nc3 Bg7 3. e4 c5 4. g3 Nc6 5. Bg2 d6 6. Nge2 Rb8 7. Rb1 h5 8. h3 Nf6 9. 0-0 h4 10. g4 Ne5 11. d3 Nfxg4 12. f4 Nc6 13. hxg4 Bxg4 14. Kh2 e5 15. f5 g5 1/2-1/2